| 000 | 00351nam a2200145Ia 4500 | ||
|---|---|---|---|
| 008 | 150201s2010 xx 000 0 und d | ||
| 082 |
_a617.632 _bC2010N |
||
| 100 | _aNEWMAN, MG | ||
| 245 | _aCLINICAL PERIODONTOLOGY | ||
| 250 | _a10TH | ||
| 260 |
_bSAUNDERS _aPHILADELPHIA _c2010 |
||
| 300 | _a1-1286 | ||
| 650 | _aPERIODONTICS | ||
| 942 |
_2ddc _cBK _044 |
||
| 999 |
_c4575 _d4575 |
||